00376 a2200121 4500001001000000005001700010008004100027245005500068100002700123700002000150773006700170999001700237ART_1300220260410161735.0260409a 10aGeneralización del IVA y otros temas impositivos1 aSan Martín, Jorge A.1 aCravino, Daniel0 tEjecutivos de finanzasg- Año 8, Nº 72 (dic. 1990)wREV2863 c18190d18190